Escuela Industrial : formación de auxiliares y de técnicos industriales formación de auxiliares y de técnicos industriales
Descripción Física:
8 p. ; 22 cm
Materias:
Escola Industrial de Barcelona
MARC
| LEADER | 00000nam a2200000Ia 4500 | ||
|---|---|---|---|
| 001 | 9634 | ||
| 008 | 160829s1929 xx 000 0 cat d | ||
| 080 | |a RF-6-60 | ||
| 100 | |a Escola Industrial de Barcelona | ||
| 245 | |a Escuela Industrial : |b formación de auxiliares y de técnicos industriales | ||
| 260 | |a Barcelona : |b (Imp. Casa Caritat), |c 1929 | ||
| 300 | |a 8 p. ; |c 22 cm | ||
| 590 | |a Abans del títol: Real Politécnico Hispano Americano de Barcelona. | ||
| 590 | |a Hi ha un duplicat a: DUP-186-66 que prové de S-442, exp. 11 | ||
| 610 | 2 | 0 | |a Escola Industrial de Barcelona |9 54682 |
| 710 | 2 | |a Reial Politècnic Hispanoamericà |9 55096 | |
| 856 | 4 | |u https://media.diba.cat/diba/fitxers/arxiu/fulletons/bib_9634_1929_baixa.pdf |y Accés lliure | |
| 856 | 4 | |u https://media.diba.cat/diba/fitxers/arxiu/fulletons/bib_9634_1929_baixa.pdf |y Accés lliure | |
| 901 | |a Arxiu | ||
| 942 | |n 1 |2 udc | ||
| 952 | |0 0 |1 0 |4 0 |6 RF660 |7 1 |9 54555 |a Arxiu |b Arxiu |d 2016-12-01 |l 0 |o RF-6-60 |p 9634 |r 2016-12-01 00:00:00 |w 2016-12-01 |y ARXIU | ||
| 999 | |c 58424 |d 58424 | ||
| 900 | |a bib_9634_1929_baixa.pdf | ||